000 00361nam a2200145Ia 4500
008 230917s9999||||xx |||||||||||||| ||und||
040 _e11413
_aMAIN
041 _aEnglish
082 _a515.7 A52R
100 _aAull, Charles E, ed.
245 0 _aRings of continuous functions
260 _aNew York
_bMarcel Dekker
_c1985
300 _ax, 318 p.
942 _cBK
999 _c52567
_d52567